Catalog
SPO
lečný
K
atalog
Catalog Home
(current)
Union Catalog
Knihovny.cz
My Account
Basic Search
Browse the Catalog
Advanced Search
0
Records In Basket
View Basket
Place Holds
Print Title Details
Email Title Details
Add Basket to Saved List
Clear Basket
Record Details
Catalog Search
Search:
Type:
Keyword
Title
Journal Title
Author
Subject
Series
Format:
All Formats
All Books
All Music
All Videos
Audiocassette music recording
Blu-ray
Braille
Cassette audiobook
CD Audiobook
CD Music recording
DVD
E-audio
E-book
E-video
Equipment, games, toys
Kit
Large Print Book
Map
Microform
Music Score
Phonograph music recording
Phonograph spoken recording
Picture
Preloaded Audio
Serials and magazines
Software and video games
VHS
Library:
Common Catalog SPOK
Dominican sisters
KDS Library
Evangelical Teological Seminary
ETS Library
Jabok
Department of Languages
Jabok Library
BOX2
Depozitář
JABox (rezervační box)
Jachymka
Terezin Initiative Institute
The Jewish community of Prague
Montessori CR
Montessori Library
People in Need
Varianty
The mission of THREE
Hospic Dobrého Pastýře
VERITAS
VERITAS Library
Search
All Libraries
Book
Dopad domácího násilí na oběť : bakalářská práce Iva Kirejevová ; Vedoucí práce: Lucie Hubertová
Kirejevová, Iva
(
Author
).
Evangelická teologická fakulta Univerzity Karlovy
(
Author
).
Hubertová, Lucie
(
Added Author
).
More Details
Record details
Physical Description:
68 s. příl.
Content descriptions
Bibliography, etc. Note:
bibliogr. s. 59
Available copies
1 of 1 copy available at Common Catalog SPOK.
Holds
0 current holds with 1 total copy.
Add to basket
Remove from basket
Print
Email
Permalink
Show Only Available Copies
Location
Call Number / Copy Notes
Barcode
Shelving Location
Status
Due Date
Jabok Library
ABP-1621
424480024107
Absolventské práce
Reference
-
Electronic resources
Version of Resource:
Plný text
►
▼
Google Preview
► Awards, Reviews, & Suggested Reads
► Shelf Browser
▼ MARC Record
LDR
00718ntm a22 a 4500
001
2349
003
CZ-PrJAB
005
20210309080001.0
008
100805s2010 xr e |||| |cze
009
cz
035
.
‡a
(CONS)2349
035
.
‡a
KPS0019817
041
0
.
‡a
cze
100
1
1
.
‡7
15801
‡a
Kirejevová, Iva
110
2
.
‡a
Evangelická teologická fakulta Univerzity Karlovy
245
1
.
‡a
Dopad domácího násilí na oběť :
‡b
bakalářská práce
‡c
Iva Kirejevová ; Vedoucí práce: Lucie Hubertová
260
.
‡a
Praha
‡c
2010
300
.
‡a
68 s.
‡b
příl.
504
.
‡a
bibliogr. s. 59
653
.
‡a
domácí násilí
‡a
oběť
‡a
psychické týrání
‡a
fyzické týrání
‡a
viktimizace
‡a
syndrom týrané ženy
700
1
1
.
‡7
15365
‡a
Hubertová, Lucie
999
.
‡a
1621-
‡c
1621-
‡i
424480024107
‡t
P
910
.
‡a
ABG312
856
4
1
.
‡u
https://dspace.cuni.cz/handle/20.500.11956/27626
‡y
Plný text
901
.
‡a
2349
‡b
CZ-PrJAB
‡c
2349
‡t
biblio
Login To Evergreen
Library Card Number
PIN
Request A Card
Forgot Your Password?
Additional Resources